01015nam a2200229Ia 4500003000400000005001700004008004100021040002100062041000800083082002100091100003400112245018800146260007200334300003000406500007100436505014900507650002200656650001200678650002600690700003900716700003000755OSt20210824142133.0210310s1975 ag fr 001 0dspa d aCO-JMCRcCO-JMCR0 aspa04a340 /bA258i2231 aAftalion, Enrique R., eautor10aIntroducción al derecho : bnociones preliminares, teoría general, enciclopedia jurídica, historia de las ideas / cEnrique R. Aftalion, Fernando García Olano, José Vilanova aBuenos Aires : bCooperadora de Derecho y Ciencias Sociales, c1975 a1019 páginas ; c22 cm. aIncluye datos biográficos de los autores e índice analítico.0 aNegocios preliminares -- Elementos de teoría general del Derecho -- Enciclopedia jurídica -- Historia del pensamiento jurídico occidental 14aDerechoxManuales24aDerecho24aFilosofíaxManuales1 aGarcía Olano, Fernando, eautor1 aVilanova, José, eautor